| 000 | 02096 a2200241 4500 | ||
|---|---|---|---|
| 001 | 40778 | ||
| 005 | 20260407155703.0 | ||
| 008 | 260407a1971 arg spa d | ||
| 003 | AR-UNSa-BCEJYS | ||
| 040 |
_aAR-UNSa-BCEJYS _bspa _cAR-UNSa-BCEJYS |
||
| 080 |
_a330.8 _xHistoria de las teorías, Doctrinas, Dogmas económicos (pensamiento económico) |
||
| 245 | 1 | 0 | _aHistoria del análisis económico |
| 264 | 1 |
_aMéxico : _bFondo de Cultura Económica _c1971 |
|
| 300 |
_a810 p. _c24 cm. |
||
| 505 | _aVol. I: Parte Primera: Introducción. Campo de investigación y método: 1. Introducción y plan de obra - 2. Interludio I. Las técnicas del análisis económico - 3. Interludio II. Desarrollos contemporáneos en otras ciencias - 4. La sociología de la economía -- Parte segunda: Desde los principios hasta la primera situación clásica (aproximadamente hasta 1790): 1. La economía grecorromana - 2. Los doctores de la escolástica y los filósofos del derecho natural - 3. Consejeros políticos y ensayistas - 4. Los econometristas y Turgot - 5. Población, rendimientos, salarios y ocupación - 6. Valor y dinero - 7. La literatura "mercantilista" -- Parte tercera: De 1790 a 1870: 1. Introducción y plan - 2. Antecedentes sociopolíticos - 3. El escenario intelectual - 4. Revista de tropas - 5. Economía general: sección transversal - 6. Economía política general: Teoría pura - 7. Moneda, crédito y ciclos -- Vol. II: Parte Cuarta: Del año 1870 al año 1914: 1. Introducción y plan - 2. Trasfondo y modelos - 3. Algunos de los progresos registrados en las ciencias relacionadas con la economía - 4. La política social y el método histórico - 5. La economía general del período: hombres y grupo - 6. Economía general: su carácter y contenido - 7. Análisis del equilibrio -- Parte Quinta: Conclusión. Esbozo del desarrollo en nuestra época | ||
| 041 | _aspa | ||
| 942 | _cBK | ||
| 590 | _aniveau_biblio:m niveau_hierar:0 | ||
| 100 | 1 | _aSchumpeter, Joseph A. | |
| 700 | 1 | _aSchumpeter, Elizabeth Boody | |
| 700 | 1 | _aMantilla, Lucas | |
| 700 | 1 | _aVillegas, Carlos | |
| 999 |
_c3306 _d3306 |
||